| 000 | 00769nam a2200241 a 4500 | ||
|---|---|---|---|
| 005 | 20210219153258.0 | ||
| 008 | 991125n 000 0 u | ||
| 035 | _aUPN01000088205 | ||
| 100 | _aSigner, Barbara R. | ||
| 222 | 0 | _aJOURNAL OF RESEARCH ON COMPUTING IN EDUCATION | |
| 245 | 0 | _aA model of cooperative learning with intergroup competition and findings when applied to an interactive video reading program | |
| 300 | _a141-158 | ||
| 362 | _a25, No. 2, 1992 | ||
| 505 | _aJulio 1993 | ||
| 653 | 0 | _aAPRENDIZAJE COOPERATIVO | |
| 653 | 0 | _aCOMPETENCIA | |
| 653 | 0 | _aDIFERENCIAS SEXUALES | |
| 653 | 0 | _aDISEÑO ASISTIDO POR ORDENADOR | |
| 653 | 0 | _aRELACIONES INTERGRUPALES | |
| 653 | 0 | _aVIDEO INTERACTIVO | |
| 904 |
_aAC _b026016 |
||
| 905 | _aArticulo | ||
| 999 |
_c72880 _d72880 |
||